[Event "TUR-chT 2nd League"]
[Site "Konya"]
[Date "2022.08.26"]
[Round "7.15"]
[White "Koksal, Recep"]
[Black "Cil, Hasan"]
[Result "1/2-1/2"]
[WhiteElo "1660"]
[BlackElo "1752"]
[PlyCount "34"]
[EventDate "2022.08.22"]
[EventType "team-swiss"]
[EventRounds "9"]
[EventCountry "TUR"]
[SourceTitle "CBM 210 Extra"]
[Source "ChessBase"]
[SourceDate "2022.11.30"]
[SourceVersion "1"]
[SourceVersionDate "2022.11.30"]
[SourceQuality "1"]
[WhiteTeam "Samsun Gercek"]
[BlackTeam "Altin Hamle Corum"]
[WhiteTeamCountry "TUR"]
[BlackTeamCountry "TUR"]

1. d4 Nf6 2. Nf3 g6 3. c4 Bg7 4. Nc3 0-0 5. e4 d6 6. h3 Nbd7 7. Be3 e5 8. d5 a5 9. Bd3 Nh5 10. g4 Nf4 11. Rh2 Nc5 12. Bc2 h6 13. Qd2 Qf6 14. Ng1 Qh4 15. Nf3 Qf6 16. Ng1 Qh4 17. Nf3 Qf6 1/2-1/2

[Event "Troya op 23rd"]
[Site "Canakkale"]
[Date "2015.08.12"]
[Round "6"]
[White "Daghan, Devran"]
[Black "Cil, Hasan"]
[Result "1/2-1/2"]
[WhiteElo "1879"]
[BlackElo "1711"]
[PlyCount "107"]
[EventDate "2015.08.08"]
[EventType "swiss"]
[EventRounds "9"]
[EventCountry "TUR"]
[SourceTitle "CBM 167 Extra"]
[Source "ChessBase"]
[SourceDate "2015.09.14"]
[SourceVersion "1"]
[SourceVersionDate "2015.09.14"]
[SourceQuality "1"]

1. d4 d5 2. e3 Nf6 3. Bd3 c5 4. c3 Nc6 5. f4 Bg4 6. Nf3 e6 7. h3 Bh5 8. 0-0 Be7 9. Nbd2 0-0 10. g4 Bg6 11. Bxg6 fxg6 12. Qe2 Rc8 13. b3 Nd7 14. Bb2 g5 15. e4 gxf4 16. exd5 exd5 17. Qe6+ Kh8 18. Qxd5 Nf6 19. Qxd8 Rfxd8 20. Ng5 Nxg4 21. Ne6 Ne3 22. Nxd8 Bxd8 23. Rf3 cxd4 24. cxd4 Bb6 25. Re1 Nxd4 26. Bxd4 Bxd4 27. Kh1 g5 28. Nc4 Kg7 29. Nxe3 Bxe3 30. Kg2 Rd8 31. Rfxe3 fxe3 32. Rxe3 Kf6 33. Rf3+ Kg6 34. Rf2 Rd3 35. Rc2 a5 36. Rc7 Rd2+ 37. Kf3 Rxa2 38. Rxb7 Ra3 39. Kg2 h5 40. Rb5 a4 41. bxa4 Rxa4 42. Rb2 Kf5 43. Rf2+ Ke5 44. Re2+ Re4 45. Ra2 Re1 46. Ra5+ Kf4 47. Ra4+ Re4 48. Ra2 g4 49. hxg4 hxg4 50. Rf2+ Kg5 51. Ra2 Kh4 52. Rb2 g3 53. Ra2 Kg4 54. Rb2 1/2-1/2